I, Carrion (Icarian) - Hozier (All Lyrics) - Statistics

General Stats
  • This quiz has been taken 13 times
  • The average score is 205 of 242
Answer Stats
Lyrics % Correct
a
100%
All
100%
all,
100%
all
100%
do
100%
I
100%
on
100%
way
100%
When
100%
you
100%
You
100%
your
100%
away
89%
away,
89%
be
89%
brutal
89%
But
89%
but
89%
by
89%
carrion
89%
fall
89%
find
89%
from
89%
ground
89%
have
89%
Icarian
89%
If
89%
if
89%
in
89%
is
89%
it
89%
its
89%
it's
89%
I've
89%
just
89%
me
89%
me?
89%
my
89%
never
89%
not
89%
now
89%
now,
89%
of
89%
One
89%
out
89%
see
89%
sky
89%
so
89%
that
89%
That
89%
the
89%
to
89%
to,
89%
up
89%
wings,
89%
you're
89%
Allow
78%
am
78%
And
78%
at
78%
beneath
78%
border
78%
bound
78%
breath
78%
burden
78%
can
78%
carryin'
78%
confirm
78%
crossed
78%
darlin',
78%
deep
78%
don't
78%
down
78%
every
78%
falls
78%
feather
78%
feel
78%
float
78%
floatin'
78%
hands
78%
height
78%
hit
78%
hold
78%
lean
78%
Leave
78%
Let
78%
lifted
78%
lighter
78%
line
78%
love,
78%
much
78%
need
78%
offered
78%
only
78%
pray,
78%
rarer
78%
reached
78%
say
78%
sea
78%
squall
78%
than
78%
time
78%
turns,
78%
us
78%
we
78%
weight
78%
weightless
78%
will
78%
wind
78%
word
78%
world
78%
along,
67%
are
67%
as
67%
bring
67%
could
67%
day
67%
heavy
67%
heights
67%
holdin'
67%
how
67%
like
67%
Once
67%
our
67%
over
67%
own
67%
should
67%
Soarin'
67%
these
67%
was
67%
what
67%
While
67%
wondered
67%
anything
56%
burn,
56%
though
56%
We'll
56%
No matching quizzes found
Score Distribution
Percent of People with Each Score
Percentile by Number Answered
Your Score History
You have not taken this quiz